00823nam a22002177a 450000500170000001000150001702000270003203500140005903700090007308200140008210000330009624500510012925000060018026000350018627000630022130000340028450000760031894200280039499900190042295201640044120250902114631.0 aENG-146518 a9789395474368c1995.00 aEN-130050 bDBAD a336.39054 aFromherz, Allen James984467 aThe Center of the World/cAllen James Fromherz a1 aNew DelhibSanctum Booksc2025 a68 Medical Association Road, Darya GanjbNew Delhie110002 axxii, 306p. c24cm(hb)bIndex a A Global History of the Persian Gulf From the Stone Age to the Present cENh336.309542ddcmFRO c213227d213227 001040718NFICaDBADbDBADd2025-09-02eDelivery of Books Act Divisiong1995.00l0o336.30954 FROpEN-130050r2025-09-02 00:00:00t1v1995.00w2025-09-02yEN